| 000 | 01831nam a2200541 i 4500 | ||
|---|---|---|---|
| 001 | 51675 | ||
| 003 | KOSZ 005 | ||
| 005 | 20220316082336.0 | ||
| 008 | 060522s2006 pl a |001 0 pol | ||
| 015 | _aUWD 2006/10761 | ||
| 020 | _a8360174202 | ||
| 035 | _a991030474059705066 | ||
| 035 | _a(PL-WaBN)b18213376-48omnis_nlop | ||
| 035 | _ab18213376 | ||
| 035 | _a(OCoLC)749807104 | ||
| 035 | _azz2006920671 | ||
| 035 | _a(PL)b0000001821337 | ||
| 035 | _a(EXLNZ-48OMNIS_NETWORK)9910307403005606 | ||
| 040 |
_aWA N _cWA N _dKOSZ 005/HR |
||
| 041 | 1 |
_apol _heng |
|
| 046 | _k2004 | ||
| 080 | _a913(540) | ||
| 080 | _a(036) | ||
| 245 | 0 | 0 |
_aIndie / _c[project ed. Maria Lord ; przygot. ed. pol. Bogdan Rudnicki ; tł. A. Wolski, S. Wolska]. |
| 246 | 1 |
_iTyt. oryg.: _aIndia, _f2004 |
|
| 260 |
_aWarszawa : _bMediaprofit, _c2006. |
||
| 300 |
_a414, [1] s. : _bil. (gł. kolor.) ; _c23 cm. |
||
| 336 |
_aTekst _btxt _2rdacontent |
||
| 337 |
_aBez urządzenia pośredniczącego _bn _2rdamedia |
||
| 338 |
_aWolumin _bnc _2rdacarrier |
||
| 380 | _aKsiążki | ||
| 388 | _a2001- | ||
| 490 | 1 |
_aBiblioteka Gazety Wyborczej. Podróże Marzeń ; _v20 |
|
| 504 | _aIndeks. | ||
| 650 | 7 | _aTurystyka | |
| 651 | 7 |
_aIndie _2DBN |
|
| 655 | 7 |
_aPrzewodnik turystyczny _2DBN |
|
| 658 | _aPodróże i turystyka | ||
| 700 | 1 |
_aLord, Maria _eRedakcja |
|
| 700 | 1 |
_aRudnicki, Bogdan _eOpracowanie |
|
| 700 | 1 |
_aWolska, Sabina _eTłumaczenie |
|
| 700 | 1 |
_aWolski, Andrzej _c(tłumacz) _eTłumaczenie |
|
| 710 | 2 |
_aMediaprofit _4pbl |
|
| 830 | 0 |
_aBiblioteka Gazety Wyborczej. _pPodróże Marzeń _v20 |
|
| 856 |
_uhttp://koha.tu.koszalin.pl/cgi-bin/koha/opac-detail.pl?biblionumber=51675 _yKatalog online BPK |
||
| 942 |
_2UKD _cKS |
||
| 999 |
_c51675 _d51675 |
||